MDQL
is popping MORE tags! Check the
thread
!
Quizzes
Events
Quiz Creation
Community
Videos
Private Events
Remove Ads
Sign In
Join for FREE
Feedback
Dark Mode
Quiz Categories
Sports
Geography
Music
Movies
Television
Just For Fun
Miscellaneous
History
Literature
Language
Science
Gaming
Entertainment
Religion
Holiday
For Kids
Quiz Lab
Recent
Popular Today
Quiz Kudos Today
Editor Picks
Curator Picks
Quizzes by...
Day
Popularity
Type
Ratings
Length
Year
Community
Subscriptions
Recent Discussions
Orange Saloon
Badges
Playlists
Quests
Create
Leaderboards
Showdown
Live 5
Trivia Bingo
Activity
Puzzle Library
Sporcle Events
Private Events
Virtual Trivia
Globe League
Become a Host
Pub Owners
SporcleCon
Opinionation
Our Games
Videos
Blog
Mobile Apps
Partnerships
Remove Ads and Go Orange
Feedback
Sports
Athletes
MLB
NBA
NHL
NFL
Soccer
Sports Teams
WWE
NCAA
Football
Premier League
Basketball
Baseball
Hockey
Golf
Tennis
Cricket
Rugby
Auto Racing
Olympics
World Cup
Sports
Athletes
MLB
NBA
NHL
NFL
Soccer
Sports Teams
WWE
NCAA
Football
Premier League
Basketball
Baseball
Hockey
Golf
Tennis
Cricket
Rugby
Auto Racing
Olympics
World Cup
Random Quiz
Search Sporcle
×
Quiz Lab
Quiz Lab
Sports
Baseball
Type in answers that appear in a list
Type in answers that appear in a list
Classic
Best Score? Go Orange.
Phillies Career Pitching Leaders Stats
Can you name the Philadelphia Phillies career leaders in these pitching categories?
By
recchi51
10m
81 Questions
304 Plays
304 Plays
304 Plays
Comments
Comments
Give Quiz Kudos
Give Quiz Kudos
-
- Ratings
hide this ad
More Info
Replay
Link that replays current quiz
Next Quiz
Link to next quiz in quiz playlist
You Got
0%
They Got
Avg Score
54%
Avg Friend Score
Upgrade to see
Score Distribution
Jump to the score distribution portion of the page
Score
0/81
Timer
10:00
0
Plays Today
Player
% Correct
Steve Carlton
99.3%
Steve Carlton
99.3%
Steve Carlton
99.3%
Steve Carlton
99.3%
Steve Carlton
99.3%
Steve Carlton
99.3%
Steve Carlton
99.3%
Robin Roberts
90.1%
Robin Roberts
90.1%
Robin Roberts
90.1%
Robin Roberts
90.1%
Robin Roberts
90.1%
Robin Roberts
90.1%
Robin Roberts
90.1%
Curt Schilling
84.9%
Curt Schilling
84.9%
Curt Schilling
84.9%
Curt Schilling
84.9%
Cole Hamels
84.2%
Cole Hamels
84.2%
Jim Bunning
78%
Tug McGraw
78%
Tug McGraw
78%
Jim Bunning
78%
Jim Bunning
78%
Jim Bunning
78%
Brad Lidge
74.3%
Player
% Correct
Grover Cleveland Alexander
70.1%
Grover Cleveland Alexander
70.1%
Grover Cleveland Alexander
70.1%
Grover Cleveland Alexander
70.1%
Grover Cleveland Alexander
70.1%
Grover Cleveland Alexander
70.1%
Jose Mesa
64.5%
Mitch Williams
64.1%
Steve Bedrosian
62.8%
Brett Myers
62.5%
Brett Myers
62.5%
Chris Short
60.5%
Chris Short
60.5%
Chris Short
60.5%
Chris Short
60.5%
Chris Short
60.5%
Chris Short
60.5%
Chris Short
60.5%
Billy Wagner
54.9%
Randy Wolf
46.1%
Randy Wolf
46.1%
Dick Ruthven
45.7%
Dick Ruthven
45.7%
Ron Reed
44.7%
Ron Reed
44.7%
Curt Simmons
42.1%
Curt Simmons
42.1%
Player
% Correct
Curt Simmons
42.1%
Curt Simmons
42.1%
Curt Simmons
42.1%
Curt Simmons
42.1%
Ryan Madson
41.8%
Larry Christenson
40.1%
Ricky Bottalico
31.3%
Eppa Rixey
19.1%
Eppa Rixey
19.1%
Eppa Rixey
19.1%
Rheal Cormier
13.5%
Turk Farrell
8.2%
Hugh Mulcahy
8.2%
Turk Farrell
8.2%
Hugh Mulcahy
8.2%
Jack Taylor
6.9%
Jack Baldschun
6.9%
Jack Baldschun
6.9%
Earl Moore
4.6%
Tully Sparks
3.9%
Tully Sparks
3.9%
Tully Sparks
3.9%
Phil Collins
3%
Bill Duggleby
2.3%
Bill Duggleby
2.3%
Jimmy Ring
1.6%
Jimmy Ring
1.6%
Quiz Playlist
Details
Report
Send in Message
Add To Playlist
More Info:
NOTE: All stats as of the end of the 2011 season. Post-1900 only.
Classic:
Type in answers that appear in a list
Quiz Source
Last Updated: Feb 16, 2017
Quiz Scoreboard
CHALLENGE
Sign Up to Join the Scoreboard
Show All
Scores
Hide
Comments
May contain spoilers
Recently Published
Holiday 10x10 Sorting Gallery
by lukepisani3
Holiday
15m
Two Season TV Shows II
by 123Four
Television
10m
Image Sorting: Flags VI
by Barbecue
Geography
2m
More to Explore
Quiz From the Vault
Featured Blog Post
14 Easter Pick-up Lines to Find Eggs With
hide this ad
You Might Also Like...
Tags
Baseball Quiz
Franchise Leaders
Franchise Records
Philadelphia Phillies
Today's Top Quizzes in Sports
Browse Sports
hide this ad
Today's Top Quizzes in Baseball
Browse Baseball
Top Contributed Quizzes in Sports
1
Les meilleurs buteurs des matchs entre le PSG et l’OM
2
Les entraîneurs de l'OM et du PSG au 21e siècle
3
2022 World Cup Stars
4
Les joueurs passés par le PSG et l'OM
5
Players with Multiple 50 Home Run Seasons
6
FIFA Club World Cup Champions
7
Top 10 NHL Goal Scorers of All Time
8
Les joueurs passés par le LOSC et le RC Lens
9
Criteria MLB: Left Handed Sluggers
10
2023 MLB Unique Player Accomplishments
Explore More
Trending Topics
Crossword
Harry Potter
Marvel
Anime
Disney
Kpop
NBA
Pokémon
WWE
Country
Puzzle
Song
The Office
Soccer
NFL
hide this ad
More By:
recchi51
Quiz
Plays
Rating
Category
Featured
Created
NHL Top Goal Scorers (1990s)
28,767
4.59
Sports
Dec 10, 2010
NHL: Top 10 Goal Scorers (1990-2015)
14,465
4.66
Sports
Apr 27, 2015
NHL: Top 10 Point Scorers (1990-2015)
6,934
4.93
Sports
May 1, 2015
MLB: Yearly Top 20 in RBI since 2000
6,709
4.44
Sports
Mar 23, 2012
MLB: Yearly Top 20 in HR since 2000
6,392
4.40
Sports
Mar 25, 2012
Go to Creator's Profile
Score Distribution
Quiz Creator Spotlight
recchi51
Follow
Send a Message
Quizzes Created
-
Created Quiz Play Count
-
More By This Creator
Popular Quizzes Today
1
Find the US States - No Outlines Minefield
2
Colored Red Africa Blitz
3
Find the 'City' Movie
4
The Countries of the World
5
Find the US States
6
5x2 Blitz: Bands
7
Find the Countries of Europe - No Outlines Minefield
8
US States
More Sports Quizzes
Liverpool Youth Team Graduates
Quiz Lab
Trending Quizzes
Colored Red Europe Blitz I
Colored Red Europe Blitz II
Colored Red Africa Blitz II
Colored Red Europe Blitz III
Colored Red Africa Blitz III
Recently Updated
Odd Team Out - Big 4 Players
pecheneg
Quick Pick: 20 Twenties
pecheneg
March Madness Men's Triple Doubles
pecheneg
How Do You Spell That?
pecheneg
Godzilla Movies
pecheneg
Grab Bag: 4-10 Letters
pecheneg
2024 March Madness Bracket
pecheneg
Famous TV Couples
Peacemaker
Champions League XIs: Real Madrid
pecheneg
Largest US Cities 1790-2010
pecheneg
Trending Topics
Crossword
Disney
Anime
Harry Potter
Marvel
NBA
Kpop
NFL
WWE
Soccer
Puzzle
Pokémon
Country
The Office
Song
Your Account Isn't Verified!
In order to create a playlist on Sporcle, you need to verify the email address you used during registration. Go to your
Sporcle Settings
to finish the process.
Report this User
Report this user for behavior that violates our
Community Guidelines
.
Details:
Send Report
Go to the Sporcle.com Mobile Site →
Comments